000 00611nam a2200193 u 4500
001 000486865
003 AM-YeHGA
005 20250617134256.0
008 060504s1978 ||| r 000 0 rus d
040 _aAM-YeHGA
041 0 _arus
100 1 _aАрдатов, Анатолий Григорьевич
245 1 0 _aПлёс :
_bСтихи /
_cАнатолий Ардатов.
260 _aКуйбышев :
_bКуйбышев. кн. изд-во,
_c1978.
300 _a54 с. :
_bпортр.
650 1 4 _aРусская литература
653 0 _aРусская поэзия
090 _c180597
999 _c179149
_d179149